| 000 | 01176nam a2200253Ia 4500 | ||
|---|---|---|---|
| 999 |
_c51582 _d51582 |
||
| 001 | 18573 | ||
| 003 | GE_BSU | ||
| 005 | 20230606115233.0 | ||
| 008 | 181216s2016||||ge |||||||||||||| ||geo|| | ||
| 020 | _a9789941949388 | ||
| 040 | _cGE_BSU | ||
| 041 | _ageo | ||
| 080 | _a005.95/96(075.8) გ-43 | ||
| 100 |
_aგეჩბაია, ბადრი _918513 |
||
| 245 |
_aადამიანური რესურსების მენეჯმენტი : _bსახელმძღვანელო / _cბადრი გეჩბაია, ანზორ დევაძე ; რედაქტორი პაატა აროშიძე. |
||
| 264 |
_aთბილისი : _bკალმოსანი, _c2016 |
||
| 300 |
_a275 გვ; _b22 სმ. |
||
| 504 | _aბიბლიოგრაფია: გვ. 274-275. | ||
| 653 | _aმენეჯმენტი | ||
| 653 | _aადამიანური რესურსების მართვა | ||
| 700 |
_aდევაძე, ანზორ _eავტორი _94964 |
||
| 700 |
_aაროშიძე, პაატა _eრედაქტორი _94137 |
||
| 942 |
_cBK _2udc |
||